Отклонение от стехиометрии, диффузия и электропроводность в простых окислах металлов: пер. с англ.

Bibliographic Details
Main Author: Кофстад П.
Language:Russian
Published: Москва, Мир, 1975
Subjects:
Format: Book
KOHA link:https://koha.lib.tpu.ru/cgi-bin/koha/opac-detail.pl?biblionumber=33012

MARC

LEADER 00000nam0a2200000 4500
001 33012
005 20231101210131.0
035 |a (RuTPU)RU\TPU\book\33327 
035 |a BOOK00000045 
090 |a 33012 
100 |a 20011210d1975 k y0rusy50 ca 
101 1 |a rus  |c eng 
102 |a RU 
105 |a а z 001zy 
200 1 |a Отклонение от стехиометрии, диффузия и электропроводность в простых окислах металлов  |e пер. с англ.  |f П. Кофстад 
210 |a Москва  |c Мир  |d 1975 
215 |a 396 с.  |c ил. 
320 |a Библиогр.: с. 383-387. 
606 1 |a Металлы, оксиды  |x Химия  |2 stltpush  |3 (RuTPU)RU\TPU\subj\75051  |9 86932 
610 1 |a стехиометрия 
610 1 |a диффузия 
610 1 |a электропроводность 
610 1 |a окислы 
610 1 |a кристаллы 
610 1 |a дефекты 
610 1 |a реакции дефектов 
610 1 |a равновесие 
610 1 |a константы 
610 1 |a электрохимический перенос 
675 |a 546.3-3  |v 3 
675 |a 621.7.01:54  |v 3 
700 1 |a Кофстад  |b П. 
801 0 |a RU  |b 63413507  |c 20011210  |g PSBO 
801 2 |a RU  |b 63413507  |c 20201026  |g PSBO 
942 |c BK